गणित शिक्षण / (Record no. 118540)

MARC details
000 -LEADER
fixed length control field 01235nam a22002657a 4500
005 - DATE AND TIME OF LATEST TRANSACTION
control field 20170124103115.0
010 ## - LIBRARY OF CONGRESS CONTROL NUMBER
LC control number B-192802
020 ## - INTERNATIONAL STANDARD BOOK NUMBER
Terms of availability 350.00
International Standard Book Number 8188093386
035 ## - SYSTEM CONTROL NUMBER
System control number B-192802
037 ## - SOURCE OF ACQUISITION
Source of stock number/acquisition Cen Lib/Ret
040 ## - CATALOGING SOURCE
Original cataloging agency DPL
Language of cataloging HN
082 ## - DEWEY DECIMAL CLASSIFICATION NUMBER
Classification number 510.7
Item number भटना
100 ## - MAIN ENTRY--PERSONAL NAME
Personal name भटनागर, चन्दर
9 (RLIN) 80763
245 ## - TITLE STATEMENT
Title गणित शिक्षण /
Statement of responsibility, etc चन्दर भटनागर [और] गोपाल प्रसाद श्रीवास्तव
246 ## - VARYING FORM OF TITLE
Title proper/short title Ganit shikshan /
Remainder of title by Chnader Bhatnagar [aur] Gopal Prasad Shrivastava
260 ## - PUBLICATION, DISTRIBUTION, ETC. (IMPRINT)
Place of publication, distribution, etc जयपुर
Name of publisher, distributor, etc ग्रन्थ विकास
Date of publication, distribution, etc 2006
270 ## - ADDRESS
Address सी-37, आदर्श नगर राजापार्क
City जयपुर
300 ## - PHYSICAL DESCRIPTION
Extent 336पृ.
Dimensions 20सेमी (सजिल्द)
650 ## - SUBJECT ADDED ENTRY--TOPICAL TERM
Topical term or geographic name as entry element गणित-- गणित का इतिहास
9 (RLIN) 80764
650 ## - SUBJECT ADDED ENTRY--TOPICAL TERM
Topical term or geographic name as entry element गणित शिक्षण के उद्देश्य
9 (RLIN) 80765
650 ## - SUBJECT ADDED ENTRY--TOPICAL TERM
Topical term or geographic name as entry element History of Mathematics
9 (RLIN) 80766
650 ## - SUBJECT ADDED ENTRY--TOPICAL TERM
Topical term or geographic name as entry element Purpose of teaching mathematics
9 (RLIN) 80767
700 ## - ADDED ENTRY--PERSONAL NAME
Personal name श्रीवास्तव, गोपाल प्रसाद
9 (RLIN) 49420
942 ## - ADDED ENTRY ELEMENTS (KOHA)
Source of classification or shelving scheme Dewey Decimal Classification
Koha item type Hindi Books
Classification part 510.7
Call number suffix भटना
Holdings
Withdrawn status Lost status Damaged status Not for loan Home library Current library Date acquired Source of acquisition Cost, normal purchase price Total Checkouts Full call number Barcode Date last seen Date checked out Copy number Cost, replacement price Price effective from Koha item type
        Central Library Central Library 11/09/2015 Cen Lib/Ret 350.00 1 510.7 भटना B-192802 16/12/2024 11/11/2024 1 350.00 11/09/2015 Hindi Books

© Delhi Public Library
Hit Counter
free hit counter